On collecting : an investigation into collecting in the European tradition

Αποθηκεύτηκε σε:
Λεπτομέρειες βιβλιογραφικής εγγραφής
Κύριος συγγραφέας: Pearce, Susan M.
Μορφή: Βιβλίο
Γλώσσα:English
Δημοσίευση: London : Routledge, 1995
Σειρά:Collecting cultures series
Θέματα:
Ετικέτες: Προσθήκη ετικέτας
Δεν υπάρχουν, Καταχωρήστε ετικέτα πρώτοι!

MARC

LEADER 00000nam a2200000 i 4500
001 1/77733
008 050601s1995 eng d
020 |a 0-415-07560-2 (hbk) 
020 |a 0-415-07561-0 (pbk) 
035 |l 10078319 
040 |a GR-MY-UA  |b gre  |e aacr 
041 0 |a eng 
082 0 |a 069.5094  |2 (22) 
100 1 |a Pearce, Susan M. 
245 1 0 |a On collecting :  |b an investigation into collecting in the European tradition /  |c Susan M. Pearce 
260 |a London :   |b Routledge,   |c 1995 
300 |a xiv, 440 σ.;  |b εικ.;  |c 24 εκ. 
490 1 |a The collecting cultures series 
504 |a Περιέχει βιβλιογραφικές παραπομπές και ευρετήριο 
650 0 0 |a Collectors and collecting  |z Europe  |x History. 
830 0 |a Collecting cultures series 
852 |a INST  |b LESVOS  |e 20050601  |h 069.5094 PEA  |p 005100032267  |q 005100032267  |t BK  |y 0 
901 |a BIBL1-2005-2 
909 |a Λ  |b 113537 
920 |a ΔΙΕΥΡΥΝΣΗ  |b ΕΠΕΑΕΚ-ΠΤΕ  |y ΛΕΣΒΟΣ  |z 2004-09 
970 |a ΜΑΡΙΝΑΤΟΥ  |b ΜΥΡΣΙΝΗ  |z 2005/06/01